000
00261nam a2200109Ia 4500
008
220204s9999 xx 000 0 und d
082
_a
82-3
_b
CRO
100
_a
Crosby, John
245
0
_a
Company of friends
260
_a
London
_b
Jonathan Cape
_c
1977
942
_c
BK
999
_c
28008
_d
28008